Automated planning : theory and practice

Αποθηκεύτηκε σε:
Λεπτομέρειες βιβλιογραφικής εγγραφής
Κύριος συγγραφέας: Ghallab, Malik
Άλλοι συγγραφείς: Nau, Dana S., Traverso, Paolo
Μορφή: Βιβλίο
Γλώσσα:English
Δημοσίευση: Amsterdam : Elsevier/Morgan Kaufmann, c2004
Θέματα:
Ετικέτες: Προσθήκη ετικέτας
Δεν υπάρχουν, Καταχωρήστε ετικέτα πρώτοι!

MARC

LEADER 00000nam a2200000 i 4500
001 1/56477
008 071001s2004 eng d
020 |a 1-55860-856-7 
035 |l 10091150 
040 |a GR-MY-UA  |b gre  |e aacr 
041 0 |a eng 
082 0 |a 658.5  |2 (22) 
100 1 |a Ghallab, Malik. 
245 1 0 |a Automated planning :  |b theory and practice /  |c Malik Ghallab, Dana Nau, Paolo Traverso 
260 |a Amsterdam :   |b Elsevier/Morgan Kaufmann,   |c c2004 
300 |a xxviii, 635 σ.;  |b εικ.;  |c 24 εκ. 
504 |a Βιβλιογραφία: σ. 573-607. Ευρετήριο 
650 0 0 |a Production planning  |x Data processing. 
700 1 |a Nau, Dana S. 
700 1 |a Traverso, Paolo. 
852 |a INST  |b SYROS  |e 20071001  |h 658.5 GHA  |p 005500007093  |q 005500007093  |t BK  |y 0 
901 |a BIBL5-2007-3 
909 |a Ε  |b 137043 
922 |a 5ΕΛΗ  |b 200707  |c ΕΠΕΑΕΚ2/ΤΜΣΠΣ  |d ΠΑΠΑΣΩΤΗΡΙΟΥ 
970 |a ΚΑΓΙΑΒΑ  |b ΕΙΡΗΝΗ  |z 2007/10/01